| 000 | 03521cam a22003732 b4500 | ||
|---|---|---|---|
| 001 | 7700090 | ||
| 003 | USPCAS-E | ||
| 005 | 20180118181422.0 | ||
| 006 | m d | ||
| 007 | cr n | ||
| 008 | 001107e20010130moua s|||||||| 2|eng|d | ||
| 020 | _a9780121897109 | ||
| 020 |
_a0121897109 _cUSD 143.00 Retail Price (Publisher) |
||
| 024 | 3 | _a9780121897109 | |
| 035 | _a(WaSeSS)ssj0000261644 | ||
| 037 | _b00991439 | ||
| 040 |
_aBIP US _dWaSeSS _c. |
||
| 050 | 4 | _aTK7872.T74M53 2001 | |
| 082 | 0 | 0 |
_a621.319 _221 _bMIA-T 2001 |
| 100 | 1 |
_aMiano, Giovanni _eAuthor |
|
| 210 | 1 | 0 | _aTransmission Lines and Lumped Circuits |
| 245 | 1 | 0 |
_aTransmission Lines and Lumped Circuits _bFundamentals and Applications |
| 260 |
_bAcademic Press [Imprint] _cJan. 2001 _aSan Diego : _bElsevier Science & Technology Books |
||
| 440 | 0 | _aElectromagnetism Ser. | |
| 502 | _a. | ||
| 506 | _aLicense restrictions may limit access. | ||
| 520 | 8 |
_aAnnotation _bThe theory of transmission lines is a classical topic of electrical engineering. Recently this topic has received renewed attention and has been a focus of considerable research. This is because the transmisson line theory has found new and important applications in the area of high-speed VLSI interconnects, while it has retained its significance in the area of power transmission. In many applications, transmission lines are connected to nonlinear circuits. For instance, interconnects of high-speed VLSI chips can be modelled as transmission lines loaded with nonlinear elements. These nonlinearities may lead to many new effects such as instability, chaos, generation of higher order harmonics, etc. The mathematical models of transmission lines with nonlinear loads consist of the linear partial differential equations describing the current and voltage dynamics along the lines together with the nonlinear boundary conditions imposed by the nonlinear loads connected to the lines. These nonlinear boundary conditions make the mathematical treatment very difficult. For this reason, the analysis of transmission lines with nonlinear loads has not been addressed adequately in the existing literature. The unique and distinct feature of the proposed book is that it will present systematic, comprehensive, and in-depth analysis of transmission lines with nonlinear loads.* A unified approach for the analysis of networks composed of distributed and lumped circuits* A simple, concise and completely general way to present the wave propagation on transmission lines, including a thorough study of the line equations in characteristic form* Frequency and time domain multiport representations of any linear transmission line* A detailed analysis of the influence on the line characterization of the frequency and space dependence of the line parameters* A rigorous study of the properties of the analytical and numerical solutions of the network equations* The associated discrete circuits and the associated resisitive circuits of transmission lines* Periodic solutions, bifurcations and chaos in transmission lines connected to noninear lumped circuits |
|
| 521 |
_aScholarly & Professional _bElsevier Science & Technology Books |
||
| 700 | 1 |
_aMaffucci, Antonio _eAuthor |
|
| 773 | 0 | _tReferex Electronics and Electrical Engineering | |
| 856 | 4 | 0 |
_uhttp://www.columbia.edu/cgi-bin/cul/resolve?clio7700090 _zFull text available from Referex Electronics and Electrical Engineering |
| 910 | _aBowker Global Books in Print record | ||
| 942 |
_2ddc _cBK |
||
| 999 |
_c356075 _d356075 |
||